000 01306nam a2200301 i 4500
001 bg
003 BPK
005 20201126125327.0
008 981022s1998 pl a f |000 0 pol
015 _aPB 2000/6235
040 _aWA N
_cBPK
080 _a628.3
080 _a543
080 _a544
100 1 _aAnielak, Anna Maria
_d(1952- )
_eAutor
245 1 0 _aChemiczne i fizyko-chemiczne oczyszczanie ścieków /
_cAnna M. Anielak.
260 _aKoszalin :
_bWydaw. Uczelniane Politechniki Koszalińskiej,
_c1998.
300 _a370 s. :
_bil. ;
_c24 cm.
490 1 _aMonografia Wydziału Budownictwa i Inżynierii Środowiska.
500 _aISSN 0239-7129 oraz nr 64 odnosi się do pierwotnego tyt. serii: Monografie / Wyższa Szkoła Inżynierska w Koszalinie.
504 _aBibliogr. przy rozdz.
650 4 _aOczyszczalnia ścieków
710 2 _aPolitechnika Koszalińska.
_bWydawnictwo Uczelniane.
_4pbl.
830 0 _aMonografia Wydziału Budownictwa i Inżynierii Środowiska - Politechnika Koszalińska
856 _uhttp://dlibra.tu.koszalin.pl/dlibra/docmetadata?id=277&from=&dirids=1&ver_id=&lp=1&QI=
_yBiblioteka Cyfrowa
942 _2UKD
_cKS
856 _uhttp://koha.tu.koszalin.pl/cgi-bin/koha/opac-detail.pl?biblionumber=32770
_yKatalog online BPK
999 _c32770
_d32770